000 00734nam a2200229 a 4500
005 20250829063928.0
008 031002s1998 es r 000 0 spa d
020 _a8475843611
035 _aUPN01000129485
049 _aCG
050 4 _aLC3965
_bP4.3
100 1 _aPérez de Lara, Nuria
245 1 3 _aLa capacidad de ser sujeto :
_bmás allá de las técnicas en educación especial /
_cNuria Pérez de Lara.
260 _aBarcelona, Esp. :
_bLaertes,
_c1998.
300 _a228 p.
440 0 _aLaertes.
_pPsicopedagogía ;
_v88
650 4 _aEducación especial
_93029
650 4 _aEDUCACION ESPECIAL -
_xHISTORIA
_917816
650 4 _aIntegración escolar
_9306
650 4 _aMujeres en la educación
_96302
905 _aLibro
999 _c101657
_d101657